• 首页
  • 本馆介绍
  • 公告通知
  • 最新文献
  • 馆藏检索
  • 电子资源
  • 读者导购
  • 参考咨询
  • 我的图书馆
  • 登录
  • 详细信息显示
  • 放入我的书架
  • 预约/预借图书
  • 作者相关作品
  • 分类相关作品
  • 丛书相关作品
  • 出版社相关作品

书目信息

  • 表格格式
  • 工作单格式
  • 卡片格式
题名:
草根创业
    
 
作者: 于富荣 主编 ;陈海涛 编著
分册:   餐饮业创业路线图
出版信息: 北京   中国经济出版社  2010
页数: 237页
开本: 24cm
丛书名:
单 册:
中图分类: F715 , F719.3
科图分类:
主题词: 商业经营--基本知识 , 饮食业--商业经营--基本知识 , 商业经营 , 饮食业
电子资源:
ISBN: 978-7-5017-9102-6
000 01060nam0 2200289 45
001 1032996468
005 20100408161906.18
010    @a978-7-5017-9102-6@dCNY28.00
100    @a20100331d2010 em y0chiy50 ea
101 0  @achi
102    @aCN@b110000
105    @ay z 000yy
106    @ar
200 1  @a草根创业@ACao Gen Chuang Ye@i餐饮业创业路线图@ICan Yin Ye Chuang Ye Lu Xian Tu@f于富荣主编@FYu Fu Rong Zhu Bian@g陈海涛编著
210    @a北京@c中国经济出版社@d2010
215    @a237页@d24cm
330    @a本书为餐饮业创业者设计了一份“创业路线图”,从创业前市场调查、撰写创业计划、筹集创业资金、选址、装潢、人员招聘与培训等方面逐一介绍,帮助创业者解决“起步难”的问题。还特别介绍了餐饮业热门创业项目及餐饮日常管理知识。
606 0  @a商业经营@x基本知识
606 0  @a饮食业@x商业经营@x基本知识
606 0  @a商业经营
606 0  @a饮食业
690    @aF715@v4
690    @aF719.3@v4
701  0 @a于富荣@AYu Fu Rong@c(创业)@4主编
702  0 @a陈海涛@AChen Hai Tao@4编著
801  0 @aCN@bTANGWEI@c20100408
905    @b0587265-69@dF715@e497@f5
    
    草根创业.餐饮业创业路线图/于富荣主编/陈海涛编著.-北京:中国经济出版社,2010
    237页;24cm
    
    
    ISBN 978-7-5017-9102-6:CNY28.00
    本书为餐饮业创业者设计了一份“创业路线图”,从创业前市场调查、撰写创业计划、筹集创业资金、选址、装潢、人员招聘与培训等方面逐一介绍,帮助创业者解决“起步难”的问题。还特别介绍了餐饮业热门创业项目及餐饮日常管理知识。
●
相关链接 在E读中查询图书 在五车中查询图书 在当当中查询图书 在豆瓣中查询图书


正题名:草根创业     索取号:F715/497         预约/预借

序号 登录号 条形码 馆藏地/架位号 状态 备注
1 0587265   205872652   第一样本阅览室/ [索取号:F715/497] 在馆    
2 0587266   205872661   第一借阅区/ [索取号:F715/497] 在馆    
3 0587267   205872670   第一借阅区/ [索取号:F715/497] 在馆    
4 0587268   205872689   第一借阅区/ [索取号:F715/497] 在馆    
5 0587269   205872698   第一借阅区/ [索取号:F715/497] 在馆    
唐山师范学院图书馆 欢迎您!
大连网信软件有限公司© 版权所有